| 000 | 00466nam a2200181Ia 4500 | ||
|---|---|---|---|
| 003 | 0100 | ||
| 008 | 130303s9999 xx 000 0 und d | ||
| 040 | _cARRUPELIB | ||
| 050 | _aJC571.S645 1995 | ||
| 100 | _aSmith, Michael A | ||
| 245 | _aHuman dignity and the common good in the Aristotelian -Thomistic tradition | ||
| 260 | _aLewiston | ||
| 260 | _bThe Edwin Mellen Press | ||
| 260 | _C1995 | ||
| 300 | _a208 p. | ||
| 700 | _aMichael A. Smith | ||
| 942 | 0 | 0 | _02 |
| 999 |
_c11776 _d11776 |
||